000 00708nam a2200241u 4500
001 84170
003 BD-RjUL
005 20241027113007.0
008 241027s1960 nyua 001 0 eng d
035 _a(BD-RjUL)84170
040 _aDLC
_cCarP
_dDLC
_dBD-RjUL
_beng
041 _aeng
082 _a301
_bYOP 1960
100 1 _aYoung, Kimball.
_d1893-1972,
_989927
245 0 0 _aPrinciples of sociology :
_ba reader in theory and research /
_cKimball Young.
250 _a1st ed.
260 _aNew York :
_bAmerican Book Co.,
_c1960.
300 _a344 p. :
_billus. ;
_c24 cm.
504 _aIncludes Index.
650 0 _aSociology.
_9100821
700 1 _aMack, Raymond W.,
_ejoint ed.
_93118
942 _2ddc
_cBK
999 _c84170
_d84170